00587nam a2200169 a 450000100100000000500170001000800410002702000150006804000250008308200150010810000250012324501160014826000360026430000210030050000630032150400330038400002260020200930021708.0101013s1996 dr 000 0 spa d z976815605X aDO-SdBNPbspacBNPHU axxxxbJ61i1 aJiménez, Rafael E.13aLa investigación en comunicación social :bconfrontación teórico-metodológica /cRafael E. Jiménez. aSanto Domingo :bBúho,c1996. a202 p. ;c21 cm. aIncluye datos biográficos del autor en la contracubierta aBibliografías [p. 199-202]